Crítica a la justicia profesional (Registro nro. 24992)

Detalles MARC
000 -LEADER
fixed length control field 00354 a2200109 4500
001 - CONTROL NUMBER
control field ART_16016
005 - DATE AND TIME OF LATEST TRANSACTION
control field 20260410161851.0
008 - FIXED-LENGTH DATA ELEMENTS--GENERAL INFORMATION
fixed length control field 260409a
100 1# - MAIN ENTRY--PERSONAL NAME
Personal name Binder, Alberto M.
245 10 - TITLE STATEMENT
Title Crítica a la justicia profesional
773 0# - HOST ITEM ENTRY
Title Derecho Penal
Related parts Participación ciudadana en la justicia - Año I, Nº 3 (dic. 2012)
Record control number REV10351

No hay ítems disponibles.